000 00742nam a2200217 a 4500
005 20140310183450.0
008 090109s19uu xx 00 eng d
020 _a13:9781599181486
050 _aGV 428.7
_b.St83 2008
245 _aStart your own personal training business :
_byour step-by-step guide to success /
260 _aU.S.A :
_bEntrepreneur Press,
_c2008.
300 _a162 p. :
_bill. ;
_c23 cm.
521 _aBSBA
650 _aBSBA.
650 _aPersonal trainers
_xHandbooks, manuals, etc.
650 _aPersonal trainers
_xVocational guidance.
650 _aPersonal trainers
_xFinance, Personal.
650 _aPhysical fitness centers
_xManagement
_xHandbooks, manuals, etc.
942 _cBK
_2lcc
_kFOR
999 _c23373
_d23373